Characters that know detective Conan's true identity. - Statistics

General Stats
  • This quiz has been taken 93 times
  • The average score is 6 of 8
Answer Stats
Answer % Correct
Agasa hiroshi
95%
Ai haibara
92%
Yukiko Kudo
88%
Yusaku Kudo
88%
Heiji Hattori
85%
Vermouth
70%
kaito kid
62%
Eisuke Hondo
49%
No matching quizzes found
Score Distribution
Percent of People with Each Score
Percentile by Number Answered
Your Score History
You have not taken this quiz